LIBRARY & INFORMATION CENTRE, KCAET, TAVANUR

ONLINE PUBLIC ACCESS CATALOGUE (OPAC)

Soil erosion studies under simulated rainfall conditions in a lateritic terrain (Record no. 15118)

MARC details
000 -LEADER
fixed length control field 00712nam a22001817a 4500
003 - CONTROL NUMBER IDENTIFIER
control field OSt
088 ## - REPORT NUMBER
Report number T 292
100 ## - MAIN ENTRY--AUTHOR NAME
Personal name PRAVEENA K. K
245 ## - TITLE STATEMENT
Title Soil erosion studies under simulated rainfall conditions in a lateritic terrain
260 ## - PUBLICATION, DISTRIBUTION, ETC. (IMPRINT)
Place of publication Tavanur 2014
Name of publisher DEPARTMENT OF LAND &WATER RESOURCES AND CONSERVATION ENGINEERING
300 ## - PHYSICAL DESCRIPTION
Number of Pages 95
500 ## - GENERAL NOTE
General note Soil erosion studies under simulated rainfall conditions in a lateritic terrain
520 ## - SUMMARY, ETC.
Summary, etc Soil erosion studies under simulated rainfall conditions in a lateritic terrain
700 ## - ADDED ENTRY--PERSONAL NAME
Personal name Dr. Kurien E. K (Guide)
856 ## - ELECTRONIC LOCATION AND ACCESS
Uniform Resource Identifier https://drive.google.com/open?id=19HKp8oSirFWvY5uJ6conoCwy2_9Tjg-j
942 ## - ADDED ENTRY ELEMENTS (KOHA)
Koha item type Theses
Holdings
Collection code Home library Current library Shelving location Full call number Accession Number Koha item type Public note
Reference KAUAET KAUAET Reference 631.75807 PRA/SO T 292 Theses M.Tech Thesis
free website counter